000 00500nam a22001337a 4500
005 20241022093318.0
008 241022b |||||||| |||| 00| 0 eng d
100 _aSalonga Datu, Gel.
_eauthor.
_963265
245 _aGel's country bakes :
_bdo-it-yourself Christmas cooking /
_cGel Salonga Datu.
260 _aPhilippines;
_bPhilippine Graphic Publishing Inc.,
_cDecember 2019.
300 _aVolume 20, pages 28-29,
_billustration.
700 _aSalonga Datu, Gel.
_eauthor.
_963266
942 _2ddc
_cPER
999 _c22757
_d22757